[Event "Montreal Winter Classic"]
[Site "Montreal CAN"]
[Date "2019.01.03"]
[Round "2"]
[White "Chiku-Ratte, Olivier-Kenta"]
[Black "Rodrigue-Lemieux, Shawn"]
[Result "1-0"]
[WhiteElo "2366"]
[BlackElo "2293"]
[PlyCount "89"]
[EventDate "2019.01.02"]
[EventType "tourn"]
[EventRounds "9"]
[EventCountry "CAN"]

1. c4 Nf6 2. Nc3 g6 3. d4 Bg7 4. e4 d6 5. f3 O-O 6. Nge2 b6 7. Be3 Bb7 8. Qd2
c5 9. d5 h5 10. Nf4 Nbd7 11. Be2 Ne5 12. O-O Qd7 13. Nh3 Rad8 14. Ng5 e6 15. h3
exd5 16. exd5 Qe7 17. f4 Ned7 18. Bd3 Nh7 19. Nxh7 Kxh7 20. Rae1 Bxc3 21. Qxc3
Qf6 22. Qxf6 Nxf6 23. f5 Ng8 24. Bg5 f6 25. fxg6+ Kg7 26. Bd2 Bc8 27. Be2 Kxg6
28. Rf3 h4 29. Rf4 f5 30. Bd3 Nf6 31. Ref1 Rde8 32. Rxh4 Ne4 33. Bxe4 fxe4 34.
Rxf8 Rxf8 35. Rh6+ Kf5 36. Kf2 b5 37. Ke3 bxc4 38. Bc3 Rg8 39. g4+ Kg5 40. Rxd6
Rf8 41. Kxe4 Rf4+ 42. Ke5 Rf2 43. Rd8 Re2+ 44. Kd6 Ba6 45. Rd7 1-0

[Event "Montreal Winter Classic"]
[Site "Montreal CAN"]
[Date "2019.01.03"]
[Round "3"]
[White "Ivanov, Mike"]
[Black "Chiku-Ratte, Olivier-Kenta"]
[Result "1/2-1/2"]
[WhiteElo "2251"]
[BlackElo "2366"]
[PlyCount "108"]
[EventDate "2019.01.02"]
[EventType "tourn"]
[EventRounds "9"]
[EventCountry "CAN"]

1. d4 f5 2. Bg5 Nf6 3. Bxf6 exf6 4. e3 d5 5. Bd3 Be6 6. Qf3 Qd7 7. Ne2 Bd6 8.
Nf4 Bxf4 9. Qxf4 Nc6 10. Nc3 Nb4 11. O-O O-O 12. Bb5 c6 13. Ba4 Na6 14. Ne2 Nc7
15. Nc1 Ne8 16. Nd3 b6 17. Qf3 Nd6 18. Rfc1 Ne4 19. Bb3 a5 20. a3 g5 21. Qe2 a4
22. Ba2 Nd6 23. Bb1 Rfe8 24. Qd1 Bf7 25. c3 Bg6 26. Bc2 b5 27. b3 Ne4 28. Nc5
Nxc5 29. dxc5 axb3 30. Bxb3 Qc7 31. a4 bxa4 32. Bxa4 Kg7 33. c4 Bf7 34. cxd5
Bxd5 35. Bb3 Rxa1 36. Rxa1 Rd8 37. Bxd5 Rxd5 38. Qc2 Qe7 39. Rc1 h5 40. h3 Qe5
41. Qa4 Qc7 42. h4 Qd7 43. hxg5 fxg5 44. Qa1+ Kg6 45. Qa8 Rd1+ 46. Rxd1 Qxd1+
47. Kh2 Qd7 48. Qg8+ Kf6 49. Qh8+ Kg6 50. f4 gxf4 51. exf4 Qe7 52. Qg8+ Kh6 53.
Qh8+ Kg6 54. Qg8+ Kh6 1/2-1/2

[Event "Montreal Winter Classic"]
[Site "Montreal CAN"]
[Date "2019.01.04"]
[Round "4"]
[White "Chiku-Ratte, Olivier-Kenta"]
[Black "Eckert, Doug"]
[Result "1/2-1/2"]
[WhiteElo "2366"]
[BlackElo "2090"]
[PlyCount "96"]
[EventDate "2019.01.02"]
[EventType "tourn"]
[EventRounds "9"]
[EventCountry "CAN"]

1. d4 Nf6 2. c4 e6 3. Nf3 d5 4. Nc3 Bb4 5. Qa4+ Nc6 6. e3 O-O 7. Qc2 Re8 8. a3
Bxc3+ 9. bxc3 a6 10. cxd5 exd5 11. Bd3 Ne4 12. O-O Bf5 13. Ne1 Bg6 14. c4 Rc8
15. f3 Nf6 16. Bxg6 hxg6 17. Nd3 b6 18. Bd2 Nb8 19. c5 Nbd7 20. Nb4 Ra8 21. c6
Nf8 22. Nd3 Re6 23. Ne5 Ne8 24. Bb4 Nd6 25. a4 Nc4 26. Nxc4 Rxc6 27. Bc5 dxc4
28. Bb4 Re6 29. Rfe1 b5 30. Rad1 c6 31. a5 Re8 32. g3 Ne6 33. Qf2 Ra7 34. Rd2
Rd7 35. Red1 Qc7 36. e4 Red8 37. d5 cxd5 38. Rxd5 Rxd5 39. exd5 Ng5 40. Qe3 Nh7
41. Be7 Re8 42. d6 Qd7 43. Qc5 Rxe7 44. dxe7 Qxd1+ 45. Kg2 Qe2+ 46. Kg1 Qe1+
47. Kg2 Qe2+ 48. Kg1 Qe1+ 1/2-1/2

[Event "Montreal Winter Classic"]
[Site "Montreal CAN"]
[Date "2019.01.05"]
[Round "6"]
[White "Chiku-Ratte, Olivier-Kenta"]
[Black "Duong, Thanh Nha"]
[Result "1-0"]
[WhiteElo "2366"]
[BlackElo "2238"]
[PlyCount "129"]
[EventDate "2019.01.02"]
[EventType "tourn"]
[EventRounds "9"]
[EventCountry "CAN"]

1. c4 c5 2. Nf3 b6 3. Nc3 Bb7 4. e4 d6 5. d4 cxd4 6. Nxd4 Nf6 7. f3 e6 8. Be2
Be7 9. O-O O-O 10. Be3 Nbd7 11. Ndb5 Qb8 12. Qd2 a6 13. Nd4 Re8 14. g4 Ne5 15.
g5 Nfd7 16. f4 Nc6 17. Nc2 Bf8 18. Rad1 Qc7 19. Bf3 Rac8 20. b3 b5 21. h4 bxc4
22. b4 Ncb8 23. Kh1 Rcd8 24. Qf2 g6 25. h5 Bg7 26. Ne2 Nc6 27. Bg2 Ne7 28. Bd4
d5 29. h6 Bxd4 30. Qxd4 e5 31. Qf2 exf4 32. Nxf4 Rf8 33. exd5 Qe5 34. Rfe1 Qd6
35. Ne3 Rc8 36. Bh3 Rc7 37. Kg1 Ne5 38. Neg2 Bc8 39. Bxc8 Rcxc8 40. Qe3 Ng4 41.
Qxe7 Qb6+ 42. Kh1 Qf2 43. Re3 c3 44. Rde1 c2 45. Nd3 Qf5 46. d6 Nxe3 47. Qxe3
Qd5 48. Nc5 Qxd6 49. Qc3 f6 50. Qxc2 fxg5 51. Rd1 Qf6 52. Qb3+ Qf7 53. Qb2 Qf6
54. Qe2 Rce8 55. Qc4+ Qf7 56. Qd4 Re2 57. Nd7 Rxg2 58. Kxg2 Qf3+ 59. Kh2 Qe2+
60. Kg1 Rf7 61. Ne5 Rf8 62. Qd5+ Kh8 63. Nf7+ Kg8 64. Nxg5+ Kh8 65. Qd4+ 1-0

[Event "Montreal Winter Classic"]
[Site "Montreal CAN"]
[Date "2019.01.06"]
[Round "8"]
[White "Chiku-Ratte, Olivier-Kenta"]
[Black "Sai Krishna, GV."]
[Result "1/2-1/2"]
[WhiteElo "2366"]
[BlackElo "2409"]
[PlyCount "45"]
[EventDate "2019.01.02"]
[EventType "tourn"]
[EventRounds "9"]
[EventCountry "CAN"]

1. d4 Nf6 2. c4 g6 3. Nc3 Bg7 4. e4 d6 5. f3 O-O 6. Be3 Nc6 7. Nge2 a6 8. Rc1
Bd7 9. Qd2 b5 10. Ng3 e5 11. d5 Nd4 12. Nce2 c5 13. dxc6 Nxc6 14. Nc3 Nd4 15.
Bd3 Be6 16. Nd5 Nd7 17. O-O Nc5 18. cxb5 axb5 19. Bb1 Qb8 20. Ne2 Bxd5 21. exd5
Ra4 22. b3 Nxe2+ 23. Qxe2 1/2-1/2

[Event "Montreal Winter Classic"]
[Site "Montreal CAN"]
[Date "2019.01.06"]
[Round "9"]
[White "Wang, Annie"]
[Black "Chiku-Ratte, Olivier-Kenta"]
[Result "1/2-1/2"]
[WhiteElo "2313"]
[BlackElo "2366"]
[PlyCount "93"]
[EventDate "2019.01.02"]
[EventType "tourn"]
[EventRounds "9"]
[EventCountry "CAN"]

1. d4 Nf6 2. c4 g6 3. Nc3 Bg7 4. e4 d6 5. Nf3 O-O 6. Be2 e5 7. Be3 Na6 8. O-O
c6 9. Qc2 Ng4 10. Bg5 Qc7 11. dxe5 dxe5 12. h3 Nf6 13. Be3 Nd7 14. Nd2 Ndc5 15.
Rad1 Ne6 16. Nb3 Nf4 17. Bxf4 exf4 18. c5 Be6 19. Bxa6 bxa6 20. Nd2 Qa5 21. Na4
Rab8 22. b3 Qb4 23. Nf3 h6 24. Rd6 Qb7 25. Rfd1 Rfe8 26. Kh2 Rbc8 27. Qd2 g5
28. Nd4 Be5 29. Nxe6 Rxe6 30. Rd7 Rc7 31. Rd8+ Kg7 32. f3 Bf6 33. Rd3 Qb5 34.
Qf2 Qa5 35. R1d2 Qb4 36. Nb2 Bxb2 37. Rxb2 Re5 38. Rc2 Rce7 39. Rd6 R7e6 40.
Rc4 Qa5 41. Rd2 Re7 42. Qd4 R7e6 43. Qb2 h5 44. Kg1 Kg6 45. Kf2 Qc7 46. Qc2 Qe7
47. Rd6 1/2-1/2

[Event "Pere Noel"]
[Site "Montreal CAN"]
[Date "2018.12.26"]
[Round "1.2"]
[White "Abdelaal, Ibrahim"]
[Black "Chiku-Ratte, Olivier-Kenta"]
[Result "0-1"]
[WhiteElo "2018"]
[BlackElo "2387"]
[PlyCount "50"]
[EventDate "2018.12.26"]
[EventType "swiss"]
[EventRounds "5"]
[EventCountry "CAN"]

1. e4 c5 2. Nf3 Nc6 3. b4 cxb4 4. d4 g6 5. Be2 Bg7 6. O-O Nf6 7. Nbd2 d5 8. e5
Ne4 9. Bb2 Bf5 10. a3 a5 11. axb4 axb4 12. Rxa8 Qxa8 13. Nh4 Qa2 14. Nxf5 gxf5
15. Nxe4 Qxb2 16. Ng5 Bh6 17. Nf3 e6 18. Qd3 Kd7 19. Rd1 Kc7 20. h3 Ra8 21. Ne1
Ra1 22. Nf3 Ra3 23. Qb5 Qxc2 24. Ne1 Qc3 25. Nd3 Ra5 0-1

[Event "Pere Noel"]
[Site "Montreal CAN"]
[Date "2018.12.27"]
[Round "2.2"]
[White "Chiku-Ratte, Olivier-Kenta"]
[Black "Latreche, Sabrina"]
[Result "1-0"]
[WhiteElo "2387"]
[BlackElo "2183"]
[PlyCount "93"]
[EventDate "2018.12.26"]
[EventType "swiss"]
[EventRounds "5"]
[EventCountry "CAN"]

1. d4 Nf6 2. c4 e6 3. Nc3 Bb4 4. e3 d5 5. Qa4+ Nc6 6. Nf3 Bd7 7. Qc2 dxc4 8.
Bxc4 Na5 9. Bd3 c5 10. dxc5 Bxc5 11. O-O Rc8 12. Ne5 Nc6 13. Nxd7 Qxd7 14. a3
Be7 15. Rd1 Qc7 16. Ne4 Ng4 17. Ng3 h5 18. Be2 Nxh2 19. Nxh5 g6 20. Qc3 Rh7 21.
Nf6+ Bxf6 22. Qxf6 Nf1 23. Qf4 e5 24. Qg5 Nh2 25. Bd2 e4 26. Qd5 Nf3+ 27. Bxf3
exf3 28. Qxf3 Qh2+ 29. Kf1 Rh5 30. Bc3 Rc7 31. Ke2 Rf5 32. Rh1 Qxh1 33. Rxh1
Rxf3 34. Kxf3 Ke7 35. g4 Ke6 36. Ke4 Ne7 37. Rh8 Rc4+ 38. Kf3 Rc8 39. Rh7 a6
40. e4 g5 41. Rh5 Rc5 42. Bb4 Re5 43. Rh8 Ng6 44. Rd8 Nh4+ 45. Ke3 Ng2+ 46. Kd4
f6 47. Re8+ 1-0

[Event "Pere Noel"]
[Site "Montreal CAN"]
[Date "2018.12.28"]
[Round "3.2"]
[White "Beaulieu, Eric"]
[Black "Chiku-Ratte, Olivier-Kenta"]
[Result "0-1"]
[WhiteElo "2244"]
[BlackElo "2387"]
[PlyCount "132"]
[EventDate "2018.12.26"]
[EventType "swiss"]
[EventRounds "5"]
[EventCountry "CAN"]

1. d4 f5 2. c4 Nf6 3. Nf3 e6 4. Nc3 Be7 5. g3 O-O 6. Bg2 d6 7. O-O Ne4 8. Qc2
Nxc3 9. Qxc3 a5 10. Qc2 Nc6 11. a3 e5 12. d5 Nb8 13. c5 Na6 14. cxd6 cxd6 15.
Be3 Bf6 16. Rac1 Bd7 17. b4 b5 18. Qd2 axb4 19. axb4 h6 20. h4 Qe8 21. Rfd1 Qh5
22. Kf1 Kh7 23. Ng1 g5 24. hxg5 hxg5 25. f4 exf4 26. gxf4 Rg8 27. Nf3 Qg4 28.
Nxg5+ Bxg5 29. fxg5 f4 30. Bf2 Rxg5 31. Bf3 Qf5 32. e4 Qh3+ 33. Ke2 Bg4 34. Qc3
Qxf3+ 35. Qxf3 Bxf3+ 36. Kxf3 Nxb4 37. Rh1+ Kg6 38. Rc3 Rh5 39. Rxh5 Kxh5 40.
Bb6 Ra6 41. Bc7 Kh4 42. Bb8 Kg5 43. Bc7 Na2 44. Rb3 b4 45. Bb8 Kf6 46. Kg4 Ke7
47. Rh3 Kd7 48. Kf5 Kc8 49. Bxd6 Rxd6 50. Ke5 Kc7 51. Kxf4 Kb6 52. Rh8 Nc3 53.
Ke5 Rd7 54. Kd4 Kb5 55. Rb8+ Ka4 56. Ra8+ Kb3 57. Ra6 Nb5+ 58. Kc5 Nc3 59. Kd4
Rb7 60. e5 Kc2 61. Rc6 Kd2 62. e6 Ne2+ 63. Kc5 b3 64. e7 b2 65. e8=Q b1=Q 66.
Qe4 Qxe4 0-1

[Event "Pere Noel"]
[Site "Montreal CAN"]
[Date "2018.12.29"]
[Round "4.1"]
[White "Chiku-Ratte, Olivier-Kenta"]
[Black "Yu, Zong Yang"]
[Result "0-1"]
[WhiteElo "2387"]
[BlackElo "2454"]
[PlyCount "98"]
[EventDate "2018.12.26"]
[EventType "swiss"]
[EventRounds "5"]
[EventCountry "CAN"]

1. c4 Nf6 2. Nc3 e6 3. e4 e5 4. Nge2 Bc5 5. Ng3 d6 6. Be2 Nc6 7. O-O h5 8. Nf5
Bxf5 9. exf5 Qd7 10. Bd3 Nd4 11. Ne4 Nxe4 12. Bxe4 c6 13. f6 gxf6 14. d3 f5 15.
Bf3 Nxf3+ 16. Qxf3 f4 17. h3 O-O-O 18. Kh2 Rdg8 19. Bd2 Bd4 20. Bc3 Bxc3 21.
bxc3 Qg4 22. Rg1 Rg6 23. Rae1 Qxf3 24. gxf3 Rhg8 25. Rxg6 Rxg6 26. a4 a5 27. h4
f6 28. d4 Rg7 29. Rh1 Kc7 30. Kh3 Rg8 31. Kh2 Rg7 32. Kh3 b6 33. Kh2 d5 34. c5
bxc5 35. dxc5 Rd7 36. Rd1 Kd8 37. Rg1 d4 38. c4 d3 39. Rd1 f5 40. Kg2 e4 41.
fxe4 fxe4 42. Kf1 Ke7 43. Ke1 e3 44. fxe3 fxe3 45. Rb1 Kf6 46. Rd1 Ke5 47. Rb1
Ke4 48. Rd1 Kf3 49. Rb1 d2+ 0-1

[Event "Pere Noel"]
[Site "Montreal CAN"]
[Date "2018.12.30"]
[Round "5.2"]
[White "Clyde, Jordan"]
[Black "Chiku-Ratte, Olivier-Kenta"]
[Result "1/2-1/2"]
[WhiteElo "2248"]
[BlackElo "2387"]
[PlyCount "93"]
[EventDate "2018.12.26"]
[EventType "swiss"]
[EventRounds "5"]
[EventCountry "CAN"]

1. d3 g6 2. f4 d5 3. Nf3 Bg7 4. e3 Nf6 5. Be2 O-O 6. O-O c5 7. Ne5 Nbd7 8. Nd2
Nxe5 9. fxe5 Nd7 10. d4 cxd4 11. exd4 Qb6 12. c3 Nxe5 13. Qb3 Qxb3 14. axb3 Ng4
15. Nf3 Bf5 16. h3 Nf6 17. Be3 Ne4 18. Kh2 a5 19. Ne5 f6 20. Rxf5 gxf5 21. Nd7
Rfe8 22. Nb6 Rad8 23. Bb5 Rf8 24. Bd7 Kf7 25. Rxa5 e6 26. c4 Ke7 27. Ra7 Rxd7
28. Nxd7 Kxd7 29. Rxb7+ Kc6 30. Rxg7 Rb8 31. Bf4 Rb7 32. Rxb7 Kxb7 33. c5 Nf2
34. Kg1 Nd3 35. Bh6 e5 36. Bg7 exd4 37. Bxf6 Nxc5 38. Bxd4 Nxb3 39. Bg7 Kc6 40.
Kf2 Nc5 41. Kf3 Ne6 42. Bf6 d4 43. g4 fxg4+ 44. Kxg4 Kd5 45. Bxd4 Kxd4 46. Kh5
Nf4+ 47. Kh6 1/2-1/2

[Event "RA December op"]
[Site "Ottawa CAN"]
[Date "2018.12.07"]
[Round "1"]
[White "Chiku-Ratte, Olivier-Kenta"]
[Black "Yao, Houji"]
[Result "1-0"]
[WhiteElo "2410"]
[BlackElo "2159"]
[PlyCount "61"]
[EventDate "2018.12.07"]
[EventType "swiss"]
[EventRounds "5"]
[EventCountry "CAN"]

1. d4 Nf6 2. c4 g6 3. Nc3 d5 4. Nf3 Bg7 5. cxd5 Nxd5 6. e4 Nxc3 7. bxc3 c5 8.
Rb1 O-O 9. Be2 cxd4 10. cxd4 Qa5+ 11. Bd2 Qxa2 12. O-O Bg4 13. Bg5 Nc6 14. d5
Na5 15. h3 Bd7 16. Qd3 b6 17. Bxe7 Rfc8 18. Bb4 Nc4 19. Nd4 Qa6 20. f4 b5 21.
Kh1 Qb6 22. e5 a5 23. Be7 Rab8 24. Bf3 b4 25. Nc6 Bxc6 26. dxc6 Ne3 27. Rfc1
Nf5 28. Bc5 Qb5 29. Qxb5 Rxb5 30. g4 Nh4 31. Be2 1-0

[Event "RA December op"]
[Site "Ottawa CAN"]
[Date "2018.12.08"]
[Round "2"]
[White "Demchenko, Svitlana"]
[Black "Chiku-Ratte, Olivier-Kenta"]
[Result "0-1"]
[WhiteElo "2329"]
[BlackElo "2410"]
[PlyCount "156"]
[EventDate "2018.12.07"]
[EventType "swiss"]
[EventRounds "5"]
[EventCountry "CAN"]

1. e4 c5 2. Nf3 d6 3. d4 cxd4 4. Nxd4 Nf6 5. Nc3 g6 6. Be3 Bg7 7. f3 a6 8. Qd2
Nbd7 9. O-O-O h5 10. g3 Qc7 11. h3 b5 12. Rg1 Bb7 13. g4 hxg4 14. hxg4 Nb6 15.
Bd3 Nc4 16. Bxc4 Qxc4 17. Nb3 Qc7 18. Bd4 Rc8 19. g5 Nh5 20. Bxg7 Nxg7 21. Qd4
Rh7 22. Rd2 Ne6 23. Qe3 Rh3 24. Ne2 Rh2 25. f4 Qc4 26. f5 Nc5 27. Nxc5 Rxc5 28.
fxg6 fxg6 29. Nc3 Rxd2 30. Qxd2 b4 31. Na4 Re5 32. b3 Qxe4 33. Kb1 a5 34. Qh2
Qe3 35. Rg3 Qd4 36. Rg1 Be4 37. Nb2 Rf5 38. Rd1 Qf2 39. Qxf2 Rxf2 40. Rc1 d5
41. Na4 Rg2 42. Nc5 Rxg5 43. Nxe4 dxe4 44. Re1 Re5 45. Kc1 e3 46. Kd1 Kd7 47.
Ke2 Rc5 48. Kd1 Rc3 49. Rg1 Rc5 50. Rxg6 e2+ 51. Kxe2 Rxc2+ 52. Kd3 Rxa2 53.
Kc4 e6 54. Rg5 Kd6 55. Rb5 Ke7 56. Re5 Kf6 57. Re1 Kf5 58. Rf1+ Ke5 59. Re1+
Kd6 60. Rd1+ Kc6 61. Re1 Rc2+ 62. Kd4 Kd6 63. Ra1 Rc5 64. Ke4 Kc6 65. Kd4 Kb6
66. Re1 e5+ 67. Ke4 Rc3 68. Rb1 a4 69. bxa4 Ka5 70. Kxe5 Rd3 71. Ke4 Rd8 72.
Ra1 b3 73. Ke3 Kb4 74. Rb1 Ka3 75. Ra1+ Kb2 76. Rf1 Ka2 77. a5 b2 78. Rf2 Ka1
0-1

[Event "RA December op"]
[Site "Ottawa CAN"]
[Date "2018.12.08"]
[Round "3"]
[White "Chiku-Ratte, Olivier-Kenta"]
[Black "Sambuev, Bator"]
[Result "1/2-1/2"]
[WhiteElo "2410"]
[BlackElo "2569"]
[PlyCount "283"]
[EventDate "2018.12.07"]
[EventType "swiss"]
[EventRounds "5"]
[EventCountry "CAN"]

1. d4 Nf6 2. c4 e6 3. Nc3 Bb4 4. e3 c5 5. Nge2 cxd4 6. exd4 d5 7. a3 Be7 8. Nf4
Nc6 9. Be3 O-O 10. cxd5 Nxd5 11. Ncxd5 exd5 12. Bd3 Bg5 13. O-O Bxf4 14. Bxf4
Qf6 15. Be3 Bf5 16. Bb5 Rfe8 17. Rc1 Re6 18. Qf3 Qg6 19. Qg3 Qh5 20. Rfe1 Rg6
21. Be2 Bg4 22. Bxg4 Qxg4 23. Qxg4 Rxg4 24. f3 Rg6 25. Rc5 Rd8 26. Bd2 Re6 27.
Rxe6 fxe6 28. Kf2 Kf7 29. Ke3 Ke8 30. Kd3 Kd7 31. Bf4 Rf8 32. Bg3 a6 33. b3 h5
34. h4 Rf5 35. Rc2 g5 36. hxg5 Rxg5 37. Bf4 Rf5 38. Bg3 Rf8 39. Bf2 Rg8 40. Be3
Ke7 41. Bf4 h4 42. Ke3 Kf6 43. Bd6 Kf5 44. b4 Rg7 45. a4 Rd7 46. Bc5 e5 47. b5
axb5 48. axb5 exd4+ 49. Kd3 Ne5+ 50. Kxd4 Ng6 51. Bb4 Nf4 52. Be1 Ne6+ 53. Kd3
Rh7 54. Ra2 h3 55. gxh3 Rxh3 56. Rf2 Rh1 57. Bc3 Rb1 58. Bb2 Nf4+ 59. Kc3 Re1
60. Rd2 Re3+ 61. Kb4 Rxf3 62. Ka5 Rb3 63. Kb6 Ke4 64. Bf6 Kf5 65. Bd4 Nd3 66.
Re2 Rb4 67. Bc3 Rc4 68. Ba1 Ra4 69. Bg7 Rg4 70. Ba1 d4 71. Kxb7 Nc5+ 72. Kb6
Nb3 73. Bxd4 Nxd4 74. Rb2 Ke6 75. Kc5 Ke7 76. b6 Ne6+ 77. Kb5 Kd7 78. Rd2+ Kc8
79. Rd6 Rg5+ 80. Ka6 Re5 81. b7+ Kb8 82. Kb6 Re1 83. Kc6 Rc1+ 84. Kb6 Re1 85.
Rd7 Rb1+ 86. Kc6 Ka7 87. Kd6 Rb6+ 88. Kd5 Kb8 89. Re7 Nc7+ 90. Kc5 Rh6 91. Rf7
Kxb7 92. Rf1 Rh5+ 93. Kd4 Nb5+ 94. Ke3 Kc6 95. Rd1 Nc7 96. Ke4 Nd5 97. Rc1+ Kd6
98. Kd3 Rh4 99. Rg1 Nf4+ 100. Ke3 Ne6 101. Rb1 Kd5 102. Rb5+ Nc5 103. Rb8 Rh3+
104. Kf4 Ne6+ 105. Kg4 Rh1 106. Re8 Rg1+ 107. Kf3 Rg6 108. Re7 Ke5 109. Re8 Kd4
110. Ra8 Rf6+ 111. Kg4 Ke4 112. Ra4+ Nd4 113. Kg5 Rf5+ 114. Kg6 Rc5 115. Rb4
Ke5 116. Rb1 Nf3 117. Rb6 Ra5 118. Rc6 Nd4 119. Rc1 Ra6+ 120. Kg5 Ne6+ 121. Kg4
Ra4+ 122. Kf3 Nd4+ 123. Ke3 Ra3+ 124. Kf2 Kf4 125. Rc4 Ra2+ 126. Ke1 Ke4 127.
Kf1 Kd3 128. Rc8 Ne6 129. Rg8 Nf4 130. Rg3+ Ke4 131. Rb3 Ng2 132. Kg1 Ne3 133.
Rb8 Rg2+ 134. Kh1 Rg7 135. Rf8 Nd5 136. Kh2 Ke3 137. Ra8 Kf3 138. Rd8 Nf4 139.
Rf8 Rg4 140. Rf7 Kf2 141. Rh7 Rg2+ 142. Kh1 1/2-1/2

[Event "RA December op"]
[Site "Ottawa CAN"]
[Date "2018.12.09"]
[Round "4"]
[White "Dukic, Zachary"]
[Black "Chiku-Ratte, Olivier-Kenta"]
[Result "0-1"]
[WhiteElo "2331"]
[BlackElo "2410"]
[PlyCount "78"]
[EventDate "2018.12.07"]
[EventType "swiss"]
[EventRounds "5"]
[EventCountry "CAN"]

1. e4 c5 2. Nf3 Nc6 3. d4 cxd4 4. Nxd4 e6 5. Nc3 Qc7 6. Be3 a6 7. Qd2 Nf6 8.
O-O-O Be7 9. f3 b5 10. Nxc6 dxc6 11. g4 e5 12. h4 Be6 13. Qf2 Bb4 14. g5 Nh5
15. Bc5 Bxc5 16. Qxc5 Rc8 17. Rd6 O-O 18. Qxe5 Rcd8 19. Rd5 Qb6 20. Rd3 Rfe8
21. Qh2 Qa5 22. Rxd8 Rxd8 23. Be2 b4 24. Nb1 Qc5 25. Qg1 Nf4 26. Bxa6 Bc4 27.
Bxc4 Qxc4 28. b3 Nd3+ 29. Kd2 Nf2+ 30. Kc1 Qd4 31. Qe1 Qc5 32. Kb2 Qe5+ 33. Kc1
Nxh1 34. Qxh1 Ra8 35. Qd1 g6 36. Qd2 Rxa2 37. Qd8+ Kg7 38. Qf6+ Qxf6 39. gxf6+
Kxf6 0-1

[Event "RA December op"]
[Site "Ottawa CAN"]
[Date "2018.12.09"]
[Round "5"]
[White "Chiku-Ratte, Olivier-Kenta"]
[Black "Rodrigue-Lemieux, Shawn"]
[Result "1-0"]
[WhiteElo "2410"]
[BlackElo "2352"]
[PlyCount "48"]
[EventDate "2018.12.07"]
[EventType "swiss"]
[EventRounds "5"]
[EventCountry "CAN"]

1. d4 Nf6 2. c4 e6 3. Nf3 Bb4+ 4. Bd2 a5 5. g3 O-O 6. Bg2 Bxd2+ 7. Nbxd2 d6 8.
O-O Qe7 9. Qc2 e5 10. e4 Na6 11. Qc3 exd4 12. Nxd4 Nc5 13. Rae1 Qe5 14. f4 Qh5
15. Nb5 Rd8 16. Nxc7 Rb8 17. e5 Ne8 18. exd6 Na4 19. Qe5 Qxe5 20. fxe5 Nxb2 21.
Bd5 Nxd6 22. exd6 Be6 23. Nxe6 fxe6 24. Rxe6 Kh8 1-0

[Event "Granby"]
[Site "Granby CAN"]
[Date "2018.11.23"]
[Round "1.2"]
[White "Mok, Yuen Tak"]
[Black "Chiku-Ratte, Olivier-Kenta"]
[Result "0-1"]
[WhiteElo "1924"]
[BlackElo "2412"]
[PlyCount "68"]
[EventDate "2018.11.23"]
[EventType "swiss"]
[EventRounds "5"]
[EventCountry "CAN"]

1. Nf3 Nf6 2. g3 d5 3. Bg2 g6 4. O-O Bg7 5. c4 dxc4 6. Qa4+ Nbd7 7. Qxc4 O-O 8.
Nc3 Nb6 9. Qh4 h6 10. d3 g5 11. Qb4 c6 12. h4 g4 13. Nd2 Kh8 14. e4 Nfd7 15.
Nc4 Nxc4 16. dxc4 a5 17. Qa3 Ne5 18. Rd1 Qe8 19. Qc5 f6 20. Be3 Be6 21. b3 Nd7
22. Qa3 Ne5 23. Bf1 Nf3+ 24. Kh1 f5 25. Rac1 Qh5 26. Ne2 fxe4 27. Qxe7 Rae8 28.
Qxb7 Be5 29. Bd4 Bxd4 30. Nxd4 Nxh4 31. gxh4 Qxh4+ 32. Kg1 Rxf2 33. Qc7 g3 34.
Qe5+ Kg8 0-1

[Event "Granby"]
[Site "Granby CAN"]
[Date "2018.11.24"]
[Round "2.2"]
[White "Chiku-Ratte, Olivier-Kenta"]
[Black "Leger, Maxime"]
[Result "1-0"]
[WhiteElo "2412"]
[BlackElo "2058"]
[PlyCount "89"]
[EventDate "2018.11.23"]
[EventType "swiss"]
[EventRounds "5"]
[EventCountry "CAN"]

1. d4 g6 2. c4 Bg7 3. e4 d6 4. Nc3 Nf6 5. f3 O-O 6. Be3 c5 7. d5 Na6 8. Qd2 Qa5
9. Nge2 Nd7 10. f4 Nb6 11. b3 f5 12. Rc1 Nb4 13. a4 fxe4 14. Ng3 Nd3+ 15. Bxd3
exd3 16. Nce4 Qxd2+ 17. Kxd2 Nd7 18. Kxd3 Nf6 19. Nxf6+ Bxf6 20. Rhf1 h5 21.
Kd2 Bb2 22. Rce1 Ba3 23. Kd3 Bb4 24. Bd2 h4 25. Ne4 Bxd2 26. Kxd2 Bd7 27. Ng5
Rae8 28. Re3 Rf5 29. g3 a6 30. a5 Kg7 31. Rfe1 Kf6 32. Re4 e5 33. dxe6 Bc6 34.
R4e3 Ke7 35. Kc3 Rb8 36. Rd3 b5 37. axb6 Rxb6 38. Red1 Rf8 39. Ra1 hxg3 40.
hxg3 Rfb8 41. Kb2 d5 42. cxd5 Bb5 43. Rc3 c4 44. Ne4 cxb3 45. Rh1 1-0

[Event "Granby"]
[Site "Granby CAN"]
[Date "2018.11.25"]
[Round "4.2"]
[White "Chiku-Ratte, Olivier-Kenta"]
[Black "Zheng, Richard"]
[Result "1-0"]
[WhiteElo "2412"]
[BlackElo "2028"]
[PlyCount "107"]
[EventDate "2018.11.23"]
[EventType "swiss"]
[EventRounds "5"]
[EventCountry "CAN"]

1. d4 d5 2. c4 c6 3. Nf3 Nf6 4. e3 Bf5 5. Nc3 e6 6. Nh4 Be4 7. f3 Bg6 8. Nxg6
hxg6 9. g3 Qc7 10. f4 Bb4 11. Qb3 Bxc3+ 12. bxc3 Ne4 13. Bg2 f5 14. Rb1 b6 15.
O-O O-O 16. Bxe4 fxe4 17. Ba3 Rd8 18. Qb4 Na6 19. Qa4 Qb7 20. Qd1 Qf7 21. Qe2
Nc7 22. g4 b5 23. cxd5 exd5 24. f5 g5 25. h4 Qf6 26. Qh2 Ne8 27. Kg2 Kf7 28.
Rh1 gxh4 29. Rbf1 Qg5 30. Rf4 Nd6 31. Bxd6 Rxd6 32. Qxh4 Qxh4 33. Rxh4 a5 34.
Rf2 Rdd8 35. Kg3 Rh8 36. Rhh2 a4 37. Kf4 Rhe8 38. a3 Rac8 39. Rb2 Rg8 40. g5
Ke7 41. Ke5 Kd7 42. Rh7 Rce8+ 43. Kf4 Kd6 44. Kg4 Ref8 45. g6 Rf6 46. Kg5 Ke7
47. Rbh2 Rd6 48. Rh8 Kf8 49. Kf4 Rd8 50. Ke5 b4 51. cxb4 c5 52. bxc5 Ke7 53.
Rxg8 Rxg8 54. Rb2 1-0

[Event "Granby"]
[Site "Granby CAN"]
[Date "2018.11.25"]
[Round "5.2"]
[White "Li, Yi Lin"]
[Black "Chiku-Ratte, Olivier-Kenta"]
[Result "1/2-1/2"]
[WhiteElo "1999"]
[BlackElo "2412"]
[PlyCount "240"]
[EventDate "2018.11.23"]
[EventType "swiss"]
[EventRounds "5"]
[EventCountry "CAN"]

1. Nf3 Nf6 2. d4 g6 3. c4 Bg7 4. Nc3 O-O 5. e4 d6 6. Be2 c5 7. O-O cxd4 8. Nxd4
Nc6 9. Be3 Bd7 10. f3 Nxd4 11. Bxd4 a5 12. Nd5 Nxd5 13. exd5 Bh6 14. f4 e6 15.
Bc3 Qb6+ 16. Kh1 exd5 17. Qxd5 Be6 18. Qd3 Rac8 19. f5 Bd7 20. fxg6 hxg6 21.
Rf6 Bg7 22. Rxd6 Bc6 23. Bxg7 Kxg7 24. Qd4+ Qxd4 25. Rxd4 Rfe8 26. Rd2 Re3 27.
Kg1 Rce8 28. Bf1 f5 29. Rd3 Rxd3 30. Bxd3 Rd8 31. Rd1 Kf6 32. Kf2 Ke5 33. Bc2
Rh8 34. h3 Rh4 35. Bd3 g5 36. Re1+ Kf6 37. Be2 Rf4+ 38. Kg3 Re4 39. Kf2 Rf4+
40. Kg3 Rd4 41. Rd1 Re4 42. Kf2 Rf4+ 43. Kg3 Rh4 44. Rd8 Ke7 45. Rd2 b6 46. b3
Bd7 47. Bf3 Rh6 48. a3 Rh4 49. Kf2 a4 50. Rb2 axb3 51. Rxb3 Rxc4 52. Rxb6 g4
53. Bd5 Rc2+ 54. Ke1 Rc5 55. hxg4 Rxd5 56. gxf5 Rxf5 57. Ke2 Be6 58. Ke3 Ra5
59. Kf4 Rxa3 60. Rb1 Kf6 61. Re1 Ra2 62. g4 Rf2+ 63. Kg3 Rc2 64. Kf4 Bd5 65.
Rd1 Rc4+ 66. Kg3 Be6 67. Rd6 Rxg4+ 68. Kf3 Rb4 69. Ke3 Ke5 70. Rd8 Ra4 71. Kd2
Bd5 72. Rh8 Kd4 73. Rh4+ Be4 74. Rh3 Ra2+ 75. Ke1 Bf5 76. Rf3 Be4 77. Rh3 Bd3
78. Rh4+ Kc3 79. Rh8 Re2+ 80. Kd1 Rf2 81. Rc8+ Bc4 82. Re8 Rf7 83. Re3+ Bd3 84.
Re8 Kd4 85. Kd2 Rf2+ 86. Ke1 Rb2 87. Re7 Be4 88. Kd1 Ke3 89. Rc7 Rb8 90. Rc3+
Kd4 91. Rc7 Bd3 92. Rd7+ Kc3 93. Rc7+ Bc4 94. Kc1 Rd8 95. Rg7 Rd2 96. Rg3+ Bd3
97. Rg7 Ra2 98. Rc7+ Bc4 99. Rb7 Ra8 100. Rb6 Rd8 101. Rb7 Bb3 102. Rc7+ Kb4
103. Kb2 Rd2+ 104. Kc1 Rg2 105. Re7 Rc2+ 106. Kb1 Rd2 107. Kc1 Rh2 108. Rb7+
Kc3 109. Rc7+ Bc4 110. Rd7 Rc2+ 111. Kd1 Rf2 112. Re7 Bd3 113. Rc7+ Kd4 114.
Rd7+ Ke3 115. Re7+ Be4 116. Ke1 Rf8 117. Re6 Rb8 118. Rd6 Rb7 119. Rd8 Rg7 120.
Rf8 Rd7 1/2-1/2